| 000 | 00831nam a22002417a 4500 | ||
|---|---|---|---|
| 999 |
_c14277 _d14277 |
||
| 003 | AR-CdUCM | ||
| 008 | 190422b ||||| |||| 00| 0 spa d | ||
| 020 | _a978-958-30-5467-9 | ||
| 040 |
_aMUNICIPALIDAD PROVINCIAL DEL CUSCO _cBIBLIOTECA MUNICIPAL DEL CUSCO |
||
| 082 |
_aPI / 803.08 / _bM61 |
||
| 110 |
_aMinisterio de Cultura de Colombia y otros _932994 |
||
| 245 | _aCuentos de ayer y de hoy / | ||
| 260 |
_aBogotá : _bPanamericana, _c2017. |
||
| 300 |
_a90 páginas ; _bIlustraciones, _c28 cm |
||
| 440 |
_aLeer es mi cuento _932995 |
||
| 505 | _aContenido: Puro Cuento -- Barbas, pelos y cenizas -- Bosque adentro. | ||
| 650 |
_aCuentos Infantiles _93830 |
||
| 650 |
_aLiteratura infantil _9588 |
||
| 650 |
_aSiglo XXI _92856 |
||
| 650 |
_aLibros i lectura _932996 |
||
| 942 |
_2ddc _cLIBROS |
||
| 945 |
_acmm _d2019-04-22 |
||